[Event "AChIP06"]
[Site "Paris"]
[Date "????.??.??"]
[Round "1.7"]
[White "Rene, Benoit"]
[Black "Fraszczak, Renaud"]
[Result "1/2-1/2"]
[WhiteElo "2256"]
[BlackElo "1984"]
[PlyCount "84"]

1. c4 Nf6 2. g3 e5 3. Bg2 Bc5 4. Nc3 O-O 5. e3 Re8 6. Nge2 c6 7. O-O d5 8. cxd5
cxd5 9. d4 exd4 10. exd4 Bb6 11. Bg5 Bg4 12. Qd3 Nc6 13. Rae1 Bxe2 14. Nxe2 h6
15. Be3 Rc8 16. Rc1 Rc7 17. h3 Rce7 18. a3 Ne4 19. Rc2 Qd7 20. Rfc1 Qf5 21. g4
Qf6 22. Nf4 Nxf2 23. Rxf2 Rxe3 24. Qf1 Bxd4 25. Nxd5 Qxf2+ 26. Kxf2 Rxa3+ 27.
Ne3 Raxe3 28. Qc4 Rc3+ 29. Qxd4 Nxd4 30. bxc3 Nc6 31. Ra1 Ra8 32. Rd1 Rd8 33.
Ra1 Rd2+ 34. Kf1 Rc2 35. Ra3 Kf8 36. Be4 Rc1+ 37. Ke2 Ke7 38. Kd2 Rg1 39. Bxc6
bxc6 40. Rxa7+ Ke6 41. Rc7 Rg2+ 42. Kd3 Rg3+ 1/2-1/2

[Event "AChIP06"]
[Site "Paris"]
[Date "????.??.??"]
[Round "1.8"]
[White "Marathee, Eric"]
[Black "Jablonski, Noham"]
[Result "0-1"]
[WhiteElo "1983"]
[BlackElo "2254"]
[PlyCount "98"]

1. Nf3 d5 2. d4 Nf6 3. c4 e6 4. Bg5 Nbd7 5. cxd5 exd5 6. Nc3 Bb4 7. e3 c5 8.
Bd3 c4 9. Bf5 Qa5 10. Qc2 O-O 11. O-O Re8 12. a3 Bxc3 13. bxc3 Ne4 14. Bxe4
dxe4 15. Ne5 Nxe5 16. Qxe4 Nf3+ 17. Qxf3 Qxg5 18. Rab1 Bf5 19. Rb5 g6 20. e4
Bxe4 21. Rxg5 Bxf3 22. gxf3 f5 23. Rb1 b6 24. Rb4 Rac8 25. Kf1 Kf7 26. Rg3 h5
27. f4 Re4 28. Rf3 Rc6 29. Rb5 a6 30. Re5 Kf6 31. Kg2 b5 32. Kg3 Rxe5 33. fxe5+
Ke6 34. Kf4 a5 35. Ke3 b4 36. axb4 axb4 37. Kd2 b3 38. Rg3 Kd5 39. f3 Ra6 40.
Kc1 h4 41. Rg5 Ra1+ 42. Kb2 Ra2+ 43. Kb1 Rf2 44. Rxg6 Rxf3 45. Rf6 Ke4 46. e6
Kd3 47. e7 Kxc3 48. Rxf5 Rxf5 49. e8=Q Rf1+ 0-1

[Event "AChIP06"]
[Site "Paris"]
[Date "????.??.??"]
[Round "1.9"]
[White "Rabineau, Clement"]
[Black "Rajic, Dragan"]
[Result "1-0"]
[WhiteElo "2247"]
[BlackElo "1980"]
[PlyCount "45"]

1. e4 d6 2. d4 Nf6 3. Nc3 e5 4. dxe5 dxe5 5. Qxd8+ Kxd8 6. f4 Bb4 7. Bd2 exf4
8. O-O-O Ke8 9. Nf3 Be6 10. a3 Ba5 11. b4 Bb6 12. Bxf4 Ng4 13. Bg3 Nf2 14. Bxf2
Bxf2 15. Nd5 Bb6 16. a4 c6 17. a5 cxd5 18. exd5 Be3+ 19. Kb2 Bxd5 20. Rxd5 Bf4
21. Bb5+ Nc6 22. a6 Rc8 23. axb7 1-0

[Event "AChIP06"]
[Site "Paris"]
[Date "????.??.??"]
[Round "1.10"]
[White "Chasez, Fabien"]
[Black "Pozdnjakov, Evgueniy"]
[Result "0-1"]
[WhiteElo "1978"]
[BlackElo "2240"]
[PlyCount "110"]

1. e4 e6 2. d4 d5 3. exd5 exd5 4. Bd3 c5 5. Nf3 Nc6 6. Be3 c4 7. Be2 Qb6 8. Qc1
Bf5 9. a3 Nf6 10. Nc3 Bd6 11. O-O O-O 12. Rd1 Rad8 13. Rb1 Bb8 14. Ne5 Qc7 15.
Bf4 Nxe5 16. Bxe5 Qc6 17. f4 Ne4 18. Rf1 Qg6 19. Rf3 Bg4 20. f5 Qh5 21. Rh3
Qxf5 22. Bxg4 Qxg4 23. Nxe4 Bxe5 24. dxe5 Qxe4 25. Re3 Qd4 26. Kh1 Rfe8 27. Qe1
Qf4 28. Qe2 Re6 29. Rf1 Qg5 30. Qf2 f6 31. h4 Qh5 32. exf6 Rxf6 33. Rf3 Rxf3
34. Qxf3 Qxh4+ 35. Kg1 Qe7 36. Qf5 h6 37. Rd1 Qd7 38. Qe5 Qd6 39. Qd4 b6 40.
Qg4 Qc5+ 41. Kh1 d4 42. Qg6 Qd6 43. Qe4 Qd5 44. Qh4 Rd6 45. Rd2 b5 46. Qf4 a6
47. Qg4 d3 48. cxd3 cxd3 49. Qg3 Qd4 50. Qh3 Rd5 51. g4 Qc4 52. Kg2 Rd4 53. Kg3
Qc7+ 54. Kg2 Qc6+ 55. Qf3 Rxg4+ 0-1

[Event "AChIP06"]
[Site "Paris"]
[Date "????.??.??"]
[Round "2.1"]
[White "Landie, Thibault"]
[Black "Gervasio, Ricardo"]
[Result "1/2-1/2"]
[WhiteElo "2094"]
[BlackElo "2293"]
[PlyCount "98"]

1. e4 e6 2. d4 d5 3. Nd2 Nc6 4. Ngf3 Nf6 5. e5 Nd7 6. c3 f6 7. exf6 Qxf6 8. Be2
e5 9. dxe5 Ndxe5 10. Nxe5 Nxe5 11. Nf3 Nxf3+ 12. Bxf3 c6 13. Qd4 Qxd4 14. cxd4
Bd6 15. Bh5+ g6 16. Bf3 O-O 17. Be3 Bf5 18. h4 Rae8 19. O-O-O Be4 20. Bxe4 Rxe4
21. Kc2 Bf4 22. Kd3 Kg7 23. Rde1 Bxe3 24. fxe3 Rf5 25. b4 Kh6 26. a4 Kh5 27.
Ref1 Rxh4 28. Rxh4+ Kxh4 29. Rh1+ Kg3 30. Rxh7 Kxg2 31. Rxb7 g5 32. Rxa7 g4 33.
Rc7 Rf6 34. a5 g3 35. a6 Kf3 36. a7 g2 37. Rg7 Rf8 38. b5 cxb5 39. Rf7+ Rxf7
40. a8=Q Rf5 41. Qc8 Rf7 42. Qe6 Ra7 43. Qxd5+ Kf2 44. Qf5+ Ke1 45. Qg4 Ra2 46.
d5 Kf2 47. Qf4+ Ke1 48. Qg3+ Kf1 49. Qf3+ Ke1 1/2-1/2

[Event "AChIP06"]
[Site "Paris"]
[Date "????.??.??"]
[Round "2.2"]
[White "Debray, Christopher"]
[Black "Blachon, Pascal"]
[Result "1/2-1/2"]
[WhiteElo "2284"]
[BlackElo "2088"]
[PlyCount "106"]

1. e4 e6 2. d4 d5 3. Nc3 Nf6 4. Bg5 Be7 5. e5 Nfd7 6. Bxe7 Qxe7 7. f4 O-O 8.
Qg4 c5 9. dxc5 Nc6 10. O-O-O f6 11. exf6 Nxf6 12. Qe2 Qxc5 13. Nf3 Ng4 14. Ng5
Qe3+ 15. Qxe3 Nxe3 16. Re1 d4 17. Ne2 e5 18. fxe5 Nxf1 19. Rhxf1 Bg4 20. Nf4 h6
21. Nge6 Bxe6 22. Nxe6 Rxf1 23. Rxf1 Re8 24. Nc5 Rxe5 25. Nd3 Re2 26. Rf2 Rxf2
27. Nxf2 Kf7 28. Nd3 Ke6 29. Nc5+ Kd5 30. Nxb7 Ne5 31. Na5 Ng4 32. h3 Ne3 33.
g3 Ke4 34. Nc6 Kf3 35. Nxd4+ Kxg3 36. Kd2 Nc4+ 37. Kd3 Nxb2+ 38. Kc3 Na4+ 39.
Kb4 Nb6 40. Nf5+ Kxh3 41. Nxg7 Kg4 42. c4 Kg5 43. Kb5 Kg6 44. Ne6 Kf6 45. Nf4
Ke5 46. Nh5 Kd4 47. c5 Nc4 48. Nf6 a6+ 49. Kb4 Ne5 50. Ka5 Kxc5 51. a4 Nc4+ 52.
Kxa6 Kb4 53. Kb7 Kxa4 1/2-1/2

[Event "AChIP06"]
[Site "Paris"]
[Date "????.??.??"]
[Round "2.3"]
[White "Vialatte, Jean-Charles"]
[Black "Cotonnec, Melkior"]
[Result "1-0"]
[WhiteElo "2091"]
[BlackElo "2276"]
[PlyCount "160"]

1. d4 Nf6 2. c4 c5 3. d5 e6 4. Nc3 exd5 5. cxd5 g6 6. e4 d6 7. Nge2 Bg7 8. Ng3
O-O 9. Be2 Na6 10. O-O Nc7 11. Bg5 Bd7 12. a4 a6 13. f4 h6 14. Bh4 Qe8 15. Bxf6
Bxf6 16. e5 dxe5 17. f5 gxf5 18. d6 Ne6 19. Nd5 Bg7 20. Nxf5 Qd8 21. Nfe7+ Kh8
22. Bh5 Be8 23. Nf6 Nf4 24. Nxe8 Qxe8 25. g3 Ne6 26. Qb3 Nd8 27. Rf5 Qd7 28.
Bxf7 Rxf7 29. Rxf7 Nxf7 30. Qxf7 Qxd6 31. Qxg7+ Kxg7 32. Nf5+ Kf6 33. Nxd6 b6
34. Nc4 Rb8 35. Re1 b5 36. axb5 Rxb5 37. g4 Kg5 38. h3 Kf4 39. Rxe5 Rb4 40.
Rf5+ Kg3 41. Ne5 Kxh3 42. Rf2 Re4 43. Rh2+ Kg3 44. Rg2+ Kh3 45. Nd3 Rc4 46.
Nf2+ Kh4 47. Rh2+ Kg5 48. Rh5+ Kg6 49. Rd5 Rc2 50. b3 Kg7 51. Kg2 c4 52. bxc4
Rxc4 53. Ra5 Rc6 54. Kg3 Rc3+ 55. Kf4 Rc6 56. Ne4 Rb6 57. Nc5 Rb4+ 58. Ne4 Rb6
59. Kg3 Kf7 60. Kh4 Re6 61. Ng3 Kg6 62. Nh5 Rb6 63. Nf4+ Kg7 64. Ne2 Kg6 65.
Nd4 Rd6 66. Nf5 Rb6 67. Rc5 Re6 68. Rc7 a5 69. Rg7+ Kf6 70. Ra7 Kg6 71. Rxa5
Rb6 72. Ra7 Re6 73. Rg7+ Kf6 74. Rh7 Re1 75. Rxh6+ Kf7 76. Ra6 Re2 77. Kg5 Rb2
78. Rf6+ Kg8 79. Kg6 Rb8 80. g5 Kh8 1-0

[Event "AChIP06"]
[Site "Paris"]
[Date "????.??.??"]
[Round "2.4"]
[White "Peric, Slavisa"]
[Black "Vignier, Pascal"]
[Result "1-0"]
[WhiteElo "2274"]
[BlackElo "2082"]
[PlyCount "62"]

1. d4 Nf6 2. Nf3 g6 3. Nc3 d5 4. Bf4 Bg7 5. Qd2 h6 6. O-O-O c6 7. h3 b5 8. Kb1
a5 9. Ne5 a4 10. a3 Qa5 11. Nd3 Qb6 12. f3 Na6 13. e4 dxe4 14. fxe4 Be6 15. d5
cxd5 16. exd5 Bxd5 17. Ne5 Rd8 18. Bxb5+ Kf8 19. Qe2 Nc7 20. Bxa4 Rb8 21. b4
Kg8 22. Nc4 Bxc4 23. Qxc4 Rc8 24. Bd7 Nxd7 25. Rxd7 Qf6 26. Rxc7 Rxc7 27. Bxc7
Qxc3 28. Qxc3 Bxc3 29. b5 e5 30. b6 Ba5 31. Bxe5 f6 1-0

[Event "AChIP06"]
[Site "Paris"]
[Date "????.??.??"]
[Round "2.5"]
[White "Lebeugle, Arnaud"]
[Black "Nemirovski, Serge"]
[Result "0-1"]
[WhiteElo "2083"]
[BlackElo "2268"]
[PlyCount "54"]

1. d4 Nf6 2. Bg5 Ne4 3. Bf4 d5 4. Nd2 e6 5. f3 Nxd2 6. Qxd2 c5 7. Bxb8 Rxb8 8.
O-O-O c4 9. e4 b5 10. exd5 exd5 11. Re1+ Be7 12. Qe3 b4 13. Nh3 Bxh3 14. gxh3
Rb6 15. Qg5 Kf8 16. Qd2 Ra6 17. Kb1 Qa5 18. a3 bxa3 19. Qxa5 Rxa5 20. bxa3 Rxa3
21. Re5 Ra5 22. Bxc4 Ra4 23. Bxd5 Rxd4 24. Rhe1 g6 25. Bxf7 Bf6 26. Ra5 Kxf7
27. Rxa7+ Kf8 0-1

[Event "AChIP06"]
[Site "Paris"]
[Date "????.??.??"]
[Round "2.6"]
[White "Kukov, Velislav"]
[Black "Bourges, Jerome"]
[Result "1-0"]
[WhiteElo "2258"]
[BlackElo "2077"]
[PlyCount "81"]

1. d4 d5 2. Nf3 Nf6 3. c4 e6 4. Nc3 Be7 5. Bg5 O-O 6. e3 h6 7. Bh4 Ne4 8. Bxe7
Qxe7 9. Qc2 Nxc3 10. Qxc3 c6 11. Bd3 dxc4 12. Qxc4 Nd7 13. Ne5 Qg5 14. Nf3 Qf6
15. O-O e5 16. d5 cxd5 17. Qxd5 Re8 18. Rac1 Nb6 19. Qe4 g6 20. Bb5 Re7 21.
Rfd1 Bf5 22. Qb4 Be6 23. Rd6 Nd5 24. Qe4 Nb6 25. Qb4 Nd5 26. Qe4 Nb6 27. Nxe5
Bf5 28. Rxf6 Bxe4 29. Nf3 Rd8 30. h4 Kg7 31. Rf4 Nd5 32. Rd1 Rc8 33. Rxe4 Rxe4
34. Rxd5 Rc1+ 35. Kh2 Rb4 36. b3 Rc2 37. Bc4 Rxf2 38. Rd7 Rxa2 39. Rxf7+ Kh8
40. Ne5 Rb6 41. Nd7 1-0

[Event "AChIP06"]
[Site "Paris"]
[Date "????.??.??"]
[Round "2.7"]
[White "Jablonski, Noham"]
[Black "Achour, Faouzi"]
[Result "1-0"]
[WhiteElo "2254"]
[BlackElo "2074"]
[PlyCount "89"]

1. e4 c5 2. Nc3 g6 3. f4 Bg7 4. Nf3 Nc6 5. Bc4 a6 6. a4 e6 7. O-O Nge7 8. d3 d5
9. Bb3 O-O 10. Qe1 Nd4 11. Nxd4 cxd4 12. Nb1 dxe4 13. Qxe4 Qc7 14. Nd2 Bd7 15.
Qe2 Nc6 16. Ne4 Na5 17. Ba2 Nc6 18. Bd2 Qb6 19. b4 Ne7 20. Nc5 Qc7 21. a5 Qc8
22. Rac1 Bc6 23. Nxe6 Bd5 24. Bxd5 Nxd5 25. Nxf8 Qxf8 26. f5 Re8 27. Qf3 Re5
28. fxg6 hxg6 29. Rce1 Rf5 30. Qh3 Rxf1+ 31. Kxf1 Ne3+ 32. Bxe3 dxe3 33. Qg4
Bh6 34. Kg1 Qe7 35. Qe4 Qd7 36. d4 f5 37. Qd3 Kh7 38. d5 Qd6 39. Qd4 Bf4 40. g3
Bxg3 41. Rxe3 Bxh2+ 42. Kh1 Bg3 43. Re6 Qd7 44. Kg2 f4 45. Qe4 1-0

[Event "AChIP06"]
[Site "Paris"]
[Date "????.??.??"]
[Round "2.8"]
[White "Vicente, Marcel"]
[Black "Rabineau, Clement"]
[Result "1-0"]
[WhiteElo "2078"]
[BlackElo "2247"]
[PlyCount "123"]

1. c4 e5 2. Nc3 Nc6 3. e4 Bc5 4. g3 d6 5. Bg2 h5 6. h3 Be6 7. d3 Qd7 8. Nge2 h4
9. g4 Bxg4 10. hxg4 Qxg4 11. Rg1 Nf6 12. Be3 Bxe3 13. fxe3 O-O-O 14. Kd2 Rh7
15. Qf1 h3 16. Bh1 Qd7 17. Qf3 Rdh8 18. Raf1 Nd8 19. Ng3 Ne8 20. Qf5 g6 21.
Qxd7+ Kxd7 22. Nd5 Ne6 23. Nf6+ Nxf6 24. Rxf6 Ke7 25. Rf2 Rh4 26. Nf1 R8h7 27.
Nh2 Nf8 28. Bf3 c6 29. d4 Ne6 30. dxe5 dxe5 31. b4 Rh8 32. Kc3 R4h7 33. Rd2 Rh4
34. Bh1 R4h7 35. Rgd1 Rd8 36. Rxd8 Nxd8 37. Bf3 Ne6 38. Bg4 Rh8 39. Bxe6 Kxe6
40. c5 Ke7 41. Nf3 f6 42. Nh2 Rh4 43. Kd3 Ke6 44. Rg1 g5 45. Rg4 Rxg4 46. Nxg4
f5 47. exf5+ Kxf5 48. Nf2 g4 49. Ke2 Kg5 50. Nh1 Kf5 51. Ng3+ Ke6 52. Kd3 Kd5
53. a3 Ke6 54. e4 Kf6 55. Ke3 Kg5 56. Nh1 Kh5 57. Kf2 Kg5 58. Kg3 Kh5 59. Nf2
h2 60. Kxh2 Kh4 61. Kg2 g3 62. Nh1 1-0

[Event "AChIP06"]
[Site "Paris"]
[Date "????.??.??"]
[Round "2.9"]
[White "Pozdnjakov, Evgueniy"]
[Black "Bardy, Vincent"]
[Result "0-1"]
[WhiteElo "2240"]
[BlackElo "2051"]
[PlyCount "104"]

1. d4 Nf6 2. Nf3 g6 3. c4 Bg7 4. Nc3 d5 5. cxd5 Nxd5 6. e4 Nxc3 7. bxc3 c5 8.
Rb1 O-O 9. Be2 cxd4 10. cxd4 Qa5+ 11. Bd2 Qxa2 12. O-O Bg4 13. Bg5 h6 14. Be3
Nc6 15. d5 Ne5 16. Rxb7 e6 17. Re1 Bxf3 18. gxf3 Rfd8 19. f4 Nc4 20. Bd4 Bxd4
21. Qxd4 exd5 22. Bxc4 Qxc4 23. Qxc4 dxc4 24. Rc1 Rd4 25. f3 a5 26. Rc7 a4 27.
R7xc4 Rxc4 28. Rxc4 a3 29. Rc1 a2 30. Ra1 Kg7 31. h4 Kf6 32. Kf2 Ra3 33. Kg3 h5
34. Kf2 Ke6 35. Kg3 Kd6 36. f5 Ke5 37. fxg6 fxg6 38. Kf2 Kf4 39. Kg2 Ra7 40.
Kh3 Ra6 41. Kg2 Ke3 42. Kg3 Kd4 43. Kf4 Kc3 44. Kg5 Kb2 45. Re1 Kc3 46. Ra1 Kd4
47. Kf4 Ra5 48. e5 Kd5 49. Kg5 Kxe5 50. Kxg6 Kf4 51. Rxa2 Rxa2 52. Kxh5 Rh2 0-1

[Event "AChIP06"]
[Site "Paris"]
[Date "????.??.??"]
[Round "3.1"]
[White "Soulages, Laurent"]
[Black "Peric, Slavisa"]
[Result "0-1"]
[WhiteElo "2115"]
[BlackElo "2274"]
[PlyCount "116"]

1. c4 c6 2. g3 d5 3. Bg2 Nf6 4. Nf3 Bg4 5. Ne5 Be6 6. d3 Nbd7 7. Nxd7 Qxd7 8.
cxd5 Bxd5 9. O-O Bxg2 10. Kxg2 e5 11. Nd2 Bd6 12. Qa4 O-O 13. Nf3 Rfe8 14. Be3
Nd5 15. Bd2 h6 16. Rfd1 Qe6 17. Be1 Qg6 18. Qb3 Re7 19. e3 Rd8 20. Rac1 Red7
21. Ba5 Re8 22. Qc4 Bb8 23. h3 b6 24. Be1 c5 25. Qg4 Qxg4 26. hxg4 Red8 27. d4
Nf6 28. g5 hxg5 29. Nxg5 exd4 30. exd4 Be5 31. Nf3 Bxd4 32. Nxd4 Rxd4 33. Rxd4
Rxd4 34. Bc3 Rd6 35. Be5 Re6 36. Bb8 a6 37. Kf3 Kf8 38. a4 Nd7 39. Bf4 Ne5+ 40.
Bxe5 Rxe5 41. Rc3 Ke7 42. Rd3 Re6 43. Rd5 a5 44. Rg5 g6 45. Rd5 Rd6 46. Ke4 f6
47. Rd3 Kd7 48. b3 Ke6 49. Rxd6+ Kxd6 50. Kd3 Kd5 51. f3 f5 52. f4 Kd6 53. Kc3
Kc6 54. Kc4 b5+ 55. axb5+ Kb6 56. Kd3 Kxb5 57. Kc3 Kb6 58. Kc2 c4 0-1

[Event "AChIP06"]
[Site "Paris"]
[Date "????.??.??"]
[Round "3.2"]
[White "Nemirovski, Serge"]
[Black "Stoenescu, Radu"]
[Result "1-0"]
[WhiteElo "2268"]
[BlackElo "2123"]
[PlyCount "55"]

1. d4 d5 2. Nf3 Nf6 3. Bf4 c5 4. c3 Nc6 5. dxc5 e6 6. b4 a5 7. Na3 Nh5 8. Qc1
Nxf4 9. Qxf4 f6 10. Nb5 e5 11. Qd2 axb4 12. cxb4 Be6 13. e3 b6 14. Rc1 bxc5 15.
bxc5 Qa5 16. a3 Qxd2+ 17. Nxd2 Kd7 18. Be2 Be7 19. O-O Rhb8 20. Rc3 Ra4 21. Bd1
Ra5 22. a4 Na7 23. Nxa7 Rxa7 24. Bb3 Rc7 25. Rfc1 Rbc8 26. e4 dxe4 27. c6+ Rxc6
28. Bxe6+ 1-0

[Event "AChIP06"]
[Site "Paris"]
[Date "????.??.??"]
[Round "3.3"]
[White "Lecoq, Julien"]
[Black "Kukov, Velislav"]
[Result "0-1"]
[WhiteElo "2114"]
[BlackElo "2258"]
[PlyCount "113"]

1. e4 c6 2. d4 d5 3. Nc3 dxe4 4. Nxe4 Bf5 5. Ng3 Bg6 6. h4 h6 7. h5 Bh7 8. Nf3
Nd7 9. Bd3 Bxd3 10. Qxd3 Qc7 11. Bd2 e6 12. O-O-O Bd6 13. Ne4 Ngf6 14. Nxd6+
Qxd6 15. g3 b5 16. Bf4 Qd5 17. Qb3 a5 18. Qxd5 cxd5 19. Ne5 Nxe5 20. Bxe5 Ke7
21. f3 Rhg8 22. g4 Rac8 23. Bxf6+ gxf6 24. Rd3 Rg5 25. Rb3 b4 26. a3 Rc4 27.
axb4 axb4 28. c3 bxc3 29. bxc3 f5 30. gxf5 Rxf5 31. Rh3 Rc8 32. Kd2 Rg8 33. Rb1
Rg2+ 34. Ke3 Rfg5 35. Rb7+ Kf6 36. Rh4 Rf5 37. Rh3 Rgg5 38. Rb8 Rxh5 39. Rxh5
Rxh5 40. Kf4 Rh1 41. Rh8 Rh4+ 42. Kg3 Rh5 43. Kf4 Kg7 44. Rc8 Rf5+ 45. Kg4 h5+
46. Kg3 Rg5+ 47. Kf4 Rg2 48. c4 dxc4 49. Rxc4 h4 50. Rc1 h3 51. Rh1 h2 52. Ke3
Kf6 53. f4 Kf5 54. Kf3 Ra2 55. Rf1 Rd2 56. Ke3 Rg2 57. Rh1 0-1

[Event "AChIP06"]
[Site "Paris"]
[Date "????.??.??"]
[Round "3.4"]
[White "Rode, Antony"]
[Black "Jablonski, Noham"]
[Result "0-1"]
[WhiteElo "2110"]
[BlackElo "2254"]
[PlyCount "46"]

1. d4 f5 2. Bg5 g6 3. Nc3 Bg7 4. e4 fxe4 5. Nxe4 Nf6 6. Bd3 O-O 7. Qd2 Nxe4 8.
Bxe4 c5 9. Bh6 Qb6 10. Bxg7 Kxg7 11. O-O-O Qe6 12. Re1 Qxa2 13. c3 d6 14. dxc5
dxc5 15. Bb1 Qf7 16. Nf3 Nc6 17. Ne5 Na5 18. Nxf7 Nb3+ 19. Kc2 Nxd2 20. Rxe7
Kf6 21. Rc7 Ne4 22. Re1 Rxf7 23. Rxf7+ Kxf7 0-1

[Event "AChIP06"]
[Site "Paris"]
[Date "????.??.??"]
[Round "3.5"]
[White "Arnaudov, G. Petar"]
[Black "Gouanelle, Franck"]
[Result "1/2-1/2"]
[WhiteElo "2220"]
[BlackElo "2121"]
[PlyCount "78"]

1. e4 c5 2. Nf3 Nc6 3. d4 cxd4 4. Nxd4 d5 5. exd5 Qxd5 6. Be3 e6 7. Nc3 Bb4 8.
Ndb5 Qe5 9. a3 Be7 10. Be2 a6 11. Nd4 Bd7 12. Bf3 Nf6 13. O-O Qc7 14. Nxc6 Bxc6
15. Qe2 O-O 16. Bd4 Rfd8 17. Be5 Bd6 18. Bxf6 gxf6 19. Bxc6 Qxc6 20. Ne4 Be7
21. Ng3 Rd5 22. Rad1 Rad8 23. Qg4+ Kh8 24. c4 Rxd1 25. Rxd1 Rxd1+ 26. Qxd1 Qxc4
27. Qd7 Bc5 28. Qxb7 Qd4 29. Qa8+ Kg7 30. Qf3 Qxb2 31. h4 Bd4 32. Nh5+ Kf8 33.
g3 f5 34. Kg2 a5 35. Qf4 Qb7+ 36. Kh2 Qb2 37. Qd6+ Ke8 38. Qc6+ Kd8 39. Qd6+
Ke8 1/2-1/2

[Event "AChIP06"]
[Site "Paris"]
[Date "????.??.??"]
[Round "3.6"]
[White "Logel, Matthieu"]
[Black "Lebrun, Xavier"]
[Result "0-1"]
[WhiteElo "2106"]
[BlackElo "2220"]
[PlyCount "56"]

1. e4 d6 2. d4 Nf6 3. Nc3 Nbd7 4. Nf3 e5 5. Bc4 Be7 6. Bxf7+ Kxf7 7. Ng5+ Kg8
8. Ne6 Qe8 9. Nxc7 Qg6 10. O-O Rb8 11. f4 exd4 12. Qxd4 d5 13. N3xd5 Bc5 14.
Qxc5 Nxc5 15. Ne7+ Kf7 16. Nxg6 hxg6 17. e5 Ne8 18. Nxe8 Rxe8 19. Be3 b6 20. h3
Bb7 21. b4 Ne6 22. g4 Rh8 23. f5 Rxh3 24. fxe6+ Kxe6 25. Bf4 g5 26. Bh2 Rbh8
27. Rf2 Rg3+ 28. Kf1 Ba6+ 0-1

[Event "AChIP06"]
[Site "Paris"]
[Date "????.??.??"]
[Round "3.7"]
[White "Launiau, Severin"]
[Black "Cruz Alvarez De Ron, Dan"]
[Result "1-0"]
[WhiteElo "2100"]
[BlackElo "2219"]
[PlyCount "135"]

1. c4 g6 2. Nc3 Bg7 3. g3 d6 4. Bg2 Nd7 5. d3 e5 6. e4 Ne7 7. Nge2 c6 8. O-O
O-O 9. Be3 f5 10. f4 Nf6 11. h3 Be6 12. Rc1 Qd7 13. Kh2 Rae8 14. b3 Qc7 15. c5
fxe4 16. cxd6 Qxd6 17. dxe4 Qxd1 18. Rfxd1 Bh6 19. Rd3 exf4 20. Bxf4 g5 21. Bd6
Rf7 22. Rf1 g4 23. h4 Ng6 24. Nf4 Nxf4 25. gxf4 Bc8 26. f5 Nh5 27. Bg3 Bg7 28.
Nd1 b6 29. Ne3 Nxg3 30. Kxg3 Be5+ 31. Kf2 c5 32. Nxg4 Bg7 33. Rfd1 Kf8 34. h5
Bd4+ 35. Kg3 Ke7 36. Kf4 Ref8 37. Bf3 Ba6 38. R3d2 Bc8 39. Nh6 Rf6 40. Ng4 R6f7
41. Be2 Bxf5 42. exf5 Rxf5+ 43. Kg3 Rxh5 44. Bc4 Rg5 45. Re2+ Kd8 46. Re5 Rg6
47. Re6 Rg5 48. Kh4 Rg7 49. Rf1 Rxf1 50. Bxf1 Re7 51. Rxe7 Kxe7 52. Bd3 Kd6 53.
a4 Kd5 54. Bxh7 Bg1 55. Bd3 Kd4 56. Bc4 Kc3 57. Nf6 Kd4 58. Nd5 Bh2 59. Ne7 Kc3
60. Nc8 Bb8 61. Kg4 Kb4 62. Ne7 a6 63. Nc6+ Kc3 64. Nxb8 b5 65. Bxb5 Kxb3 66.
Nxa6 c4 67. Nc5+ Kb4 68. Ne4 1-0

[Event "AChIP06"]
[Site "Paris"]
[Date "????.??.??"]
[Round "3.8"]
[White "Giroux, Fabrice"]
[Black "Olivier, Philippe"]
[Result "1-0"]
[WhiteElo "2204"]
[BlackElo "2119"]
[PlyCount "87"]

1. e4 e6 2. d4 d5 3. Nc3 Bb4 4. e5 Ne7 5. Bd2 c5 6. dxc5 Nbc6 7. Qg4 Nf5 8. Nf3
O-O 9. Bd3 f6 10. O-O-O fxe5 11. Nxe5 Qa5 12. Nxc6 bxc6 13. a3 Bxc3 14. Bxc3
Qc7 15. Rhe1 Nh6 16. Qg3 Qxg3 17. fxg3 Bd7 18. h3 Rf2 19. Rd2 Raf8 20. Bd4 Rxd2
21. Kxd2 Nf7 22. c4 Rb8 23. Kc3 a5 24. b4 axb4+ 25. axb4 Re8 26. Be5 Ra8 27.
Kb3 g6 28. Ra1 Rxa1 29. Bxa1 Kf8 30. Ka4 Ke7 31. Ka5 dxc4 32. Bxc4 Nd8 33. Kb6
Nf7 34. Kc7 Be8 35. Bb3 Nd8 36. Bf6+ Kxf6 37. Kxd8 Bf7 38. Ba4 e5 39. Bxc6 Bc4
40. b5 e4 41. Bxe4 Bxb5 42. c6 Ke5 43. c7 Ba6 44. Bf3 1-0

[Event "AChIP06"]
[Site "Paris"]
[Date "????.??.??"]
[Round "3.9"]
[White "Bardy, Vincent"]
[Black "Sohier, Julien"]
[Result "0-1"]
[WhiteElo "2051"]
[BlackElo "2203"]
[PlyCount "58"]

1. e4 e6 2. d4 d5 3. Nc3 Bb4 4. e5 c5 5. a3 Bxc3+ 6. bxc3 Ne7 7. Qg4 O-O 8. Bd3
Qa5 9. Bd2 Nbc6 10. Nf3 f5 11. exf6 Rxf6 12. Qh5 Nf5 13. Ng5 h6 14. Bxf5 exf5
15. Nh3 Re6+ 16. Kd1 cxd4 17. cxd4 Qa4 18. Nf4 Qxd4 19. Nxe6 Qxa1+ 20. Ke2 Qe5+
21. Kd1 Bxe6 22. Bxh6 Bf7 23. Qg5 Kf8 24. Re1 Qd4+ 25. Kc1 Na5 26. Qe7+ Kg8 27.
Be3 Nb3+ 28. cxb3 Rc8+ 29. Kb1 Qd3+ 0-1

[Event "AChIP06"]
[Site "Paris"]
[Date "????.??.??"]
[Round "3.10"]
[White "Montabord, Manuel"]
[Black "Guerra, Eric"]
[Result "1/2-1/2"]
[WhiteElo "2192"]
[BlackElo "2117"]
[PlyCount "104"]

1. e4 d6 2. d4 Nc6 3. Bc4 e5 4. Ne2 Be7 5. O-O Nf6 6. Nbc3 O-O 7. f3 Na5 8. Bd3
c5 9. dxe5 dxe5 10. Ng3 c4 11. Be2 Bc5+ 12. Kh1 Be6 13. Nf5 h6 14. Na4 Bb6 15.
Nxb6 axb6 16. Qe1 Kh7 17. Be3 Nc6 18. c3 Bxf5 19. exf5 b5 20. a3 Qe7 21. Qf2
Rfd8 22. a4 Rxa4 23. Rxa4 bxa4 24. Bxc4 e4 25. Bc5 Qd7 26. Bb6 Re8 27. Bb5 Qxf5
28. Bxa4 exf3 29. Bc2 Ne4 30. Qxf3 Qg6 31. Qxf7 Ne5 32. Qxb7 Ng3+ 33. hxg3 Qxc2
34. Bd4 Qg6 35. Re1 Nf3 36. gxf3 Rxe1+ 37. Kg2 Qc2+ 38. Kh3 Qf5+ 39. g4 Qg6 40.
Qd5 Rh1+ 41. Kg2 Rb1 42. b4 Qc2+ 43. Kg3 Rb2 44. Qe4+ Qxe4 45. fxe4 g5 46. Kf3
Kg6 47. e5 Kf7 48. Ke4 Ke6 49. Bc5 Re2+ 50. Be3 Rg2 51. Kf3 Rb2 52. Ke4 Rg2
1/2-1/2

[Event "AChIP06"]
[Site "Paris"]
[Date "????.??.??"]
[Round "4.1"]
[White "Peric, Slavisa"]
[Black "Gidel, Jean-Louis"]
[Result "1-0"]
[WhiteElo "2274"]
[BlackElo "2173"]
[PlyCount "146"]

1. d4 g6 2. e4 Bg7 3. Nf3 c6 4. c3 d5 5. Nbd2 dxe4 6. Nxe4 Nd7 7. Bc4 Ndf6 8.
Neg5 Nh6 9. Ne5 O-O 10. O-O Nd5 11. Ngf3 f6 12. Nd3 Nf5 13. Nf4 e6 14. Re1 Qd6
15. Nd3 a5 16. a4 Qc7 17. Nc5 Nd6 18. Bf1 Re8 19. c4 Nb4 20. Bf4 Qd8 21. Nd3
Nxd3 22. Bxd3 Nf7 23. h3 Bf8 24. c5 b6 25. cxb6 Qxb6 26. Qc2 Kg7 27. Rac1 Bd7
28. Be3 Qb7 29. b3 Nd6 30. h4 Nf5 31. Bc4 Bb4 32. Bd2 Rac8 33. Bxb4 Qxb4 34. g4
Nd6 35. g5 fxg5 36. Ne5 Qb7 37. hxg5 c5 38. dxc5 Rxc5 39. Qb2 Nxc4 40. Rxc4
Rxc4 41. Nxc4+ Kg8 42. Nd6 Qb4 43. Qe5 Rf8 44. Re3 Qd2 45. Ne4 Qd1+ 46. Kg2 Bc8
47. Nf6+ Rxf6 48. gxf6 Bb7+ 49. f3 Bd5 50. Qc7 Bxf3+ 51. Rxf3 Qe2+ 52. Kg3 Qe1+
53. Rf2 Qe3+ 54. Kg2 Qe4+ 55. Kf1 Qh1+ 56. Ke2 Qe4+ 57. Kd1 Qb1+ 58. Qc1 Qxb3+
59. Qc2 Qd5+ 60. Kc1 Qh1+ 61. Kb2 Qb7+ 62. Ka3 Kf7 63. Qc5 Qd7 64. Qe7+ Qxe7+
65. fxe7+ Kxe7 66. Kb3 Kd6 67. Rf7 Ke5 68. Rxh7 g5 69. Ra7 Ke4 70. Rxa5 e5 71.
Ra8 g4 72. Rg8 Kf3 73. a5 e4 1-0

[Event "AChIP06"]
[Site "Paris"]
[Date "????.??.??"]
[Round "4.2"]
[White "Sohier, Julien"]
[Black "Nemirovski, Serge"]
[Result "1/2-1/2"]
[WhiteElo "2203"]
[BlackElo "2268"]
[PlyCount "123"]

1. e4 e6 2. d4 d5 3. Nd2 a6 4. Ngf3 c5 5. c3 Nc6 6. Bd3 cxd4 7. cxd4 dxe4 8.
Nxe4 Bb4+ 9. Nc3 Nf6 10. O-O O-O 11. Bg5 Be7 12. Re1 h6 13. Bh4 b5 14. Qe2 Bb7
15. Rad1 Nb4 16. Bb1 Nbd5 17. Ne5 Nxc3 18. bxc3 Nd5 19. Qe4 f5 20. Bxe7 Qxe7
21. Qf3 Kh7 22. Qg3 Rf6 23. Ng4 Rff8 24. Ne5 g5 25. c4 bxc4 26. Nxc4 Nf4 27. d5
Qc5 28. Ne3 Bxd5 29. Nxd5 exd5 30. Qe3 Rac8 31. Qxc5 Rxc5 32. Re5 Kg6 33. g3
Nh3+ 34. Kg2 g4 35. Rexd5 Rxd5 36. Rxd5 Rf6 37. f3 h5 38. f4 Rb6 39. Bxf5+ Kf6
40. Bd3 Rb2+ 41. Kf1 h4 42. Ra5 Rf2+ 43. Ke1 Rxh2 44. gxh4 g3 45. Be4 Nf2 46.
Rxa6+ Ke7 47. Bf5 Rh1+ 48. Ke2 g2 49. Rg6 g1=Q 50. Rxg1 Rxg1 51. Kxf2 Ra1 52.
h5 Kf6 53. Bg6 Rxa2+ 54. Kg3 Ra3+ 55. Kg4 Rb3 56. Kh4 Re3 57. Kg4 Re1 58. Kf3
Rg1 59. Kf2 Rh1 60. Kg2 Ra1 61. Kg3 Ra3+ 62. Kg4 1/2-1/2

[Event "AChIP06"]
[Site "Paris"]
[Date "????.??.??"]
[Round "4.3"]
[White "Kukov, Velislav"]
[Black "N'Kada, Alexandre"]
[Result "1-0"]
[WhiteElo "2258"]
[BlackElo "2130"]
[PlyCount "123"]

1. d4 d5 2. Nf3 Nf6 3. c4 dxc4 4. e3 e6 5. Bxc4 c5 6. O-O Nc6 7. Nc3 a6 8. Qe2
cxd4 9. Rd1 Be7 10. exd4 Nb4 11. Bg5 O-O 12. Ne5 Nfd5 13. Bxe7 Qxe7 14. Rac1 b5
15. Bxd5 Nxd5 16. Nc6 Qe8 17. Nxd5 exd5 18. Ne7+ Kh8 19. Rc7 Qd8 20. Qe5 Be6
21. Re1 Re8 22. Nc6 Qh4 23. Qd6 Qg5 24. Qe5 Qd2 25. Ne7 Qxb2 26. Nf5 Rg8 27.
Nh6 Rgf8 28. h3 Rac8 29. Rxc8 Rxc8 30. Nf5 Rg8 31. Ne7 Rf8 32. Nxd5 Qxa2 33.
Nf4 Qd2 34. Re3 Rd8 35. d5 Qc1+ 36. Re1 Qc5 37. dxe6 Qxe5 38. Rxe5 fxe6 39.
Rxe6 a5 40. Rb6 b4 41. Rb5 Ra8 42. Kf1 Kg8 43. Nd3 Kf7 44. Ne5+ Ke6 45. Nc4 a4
46. Rxb4 a3 47. Rb1 a2 48. Ra1 Ra4 49. Ne3 Ke5 50. Ke2 Kd4 51. Kd2 g5 52. Nd1
Ra3 53. Kc2 h5 54. Ne3 Rc3+ 55. Kb2 Rd3 56. Nc2+ Ke4 57. Kc1 g4 58. hxg4 hxg4
59. Rxa2 Kf4 60. Ra4+ Kg5 61. Ne3 g3 62. Rg4+ 1-0